[Jak sporzadzac umowy emerytalne] [pracownicze programy emerytalne
Uložené v:
| Hlavný autor: | |
|---|---|
| Médium: | Kniha |
| Jazyk: | Polish |
| Vydavateľské údaje: |
Warszawa
INFOR
1999
|
| Edícia: | Poradnik Prawny 18
Ubezpieczenia |
| Predmet: | |
| Tagy: |
Žiadne tagy, Buďte prvý, kto otaguje tento záznam!
|
MARC
| LEADER | 00000nam a2200000 4500 | ||
|---|---|---|---|
| 001 | c123777 | ||
| 005 | 20221108121801.3 | ||
| 020 | |a 83-87936-74-X | ||
| 022 | |a 1230-2864 | ||
| 041 | 0 | |a pol | |
| 044 | |a PL | ||
| 245 | 1 | 0 | |a [Jak sporzadzac umowy emerytalne] |b [pracownicze programy emerytalne |c Andrzej Kryszynski |
| 264 | 1 | |a Warszawa |b INFOR |c 1999 | |
| 300 | |a 86 s. | ||
| 490 | 1 | |a Poradnik Prawny 18 |v Ubezpieczenia | |
| 830 | 0 | |a Poradnik Prawny 18 |v Ubezpieczenia | |
| 610 | 2 | 0 | |a dôchodky |
| 610 | 2 | 0 | |a dôchodcovia |
| 610 | 2 | 0 | |a zmluvy |
| 610 | 2 | 0 | |a pracovníci |
| 610 | 2 | 0 | |a predpisy právne |
| 610 | 2 | 0 | |a poradenstvo |
| 610 | 2 | 0 | |a Poľsko |
| 100 | 1 | |a Kryszynski, Andrzej | |